[Event "Top16"]
[Site "Evry"]
[Date "2004.04.04"]
[Round "7"]
[White "Spielmann, Alain"]
[Black "Nataf, Igor-Alexandre"]
[Result "1/2-1/2"]
[WhiteElo "2257"]
[BlackElo "2569"]
[PlyCount "94"]
[EventDate "2004.04.02"]
[WhiteTeam "Nancy"]
[BlackTeam "NAO"]

1. Nf3 g6 2. c4 Bg7 3. d4 Nf6 4. Nc3 O-O 5. e4 d6 6. Be2 e5 7. O-O Nc6 8. d5
Ne7 9. b4 Nh5 10. Re1 f5 11. Ng5 Nf6 12. Bf3 c6 13. Be3 h6 14. Ne6 Bxe6 15.
dxe6 fxe4 16. Nxe4 Nxe4 17. Bxe4 d5 18. cxd5 cxd5 19. Bc5 dxe4 20. Qxd8 Rfxd8
21. Bxe7 Re8 22. Bc5 Rxe6 23. Rxe4 Rd8 24. Bxa7 Ra6 25. Be3 Rxa2 26. Rc1 Rc2
27. Ra1 Kf7 28. g3 Ke6 29. b5 Kf5 30. Raa4 Rdc8 31. b6 h5 32. h3 Bf8 33. g4+
hxg4 34. hxg4+ Ke6 35. Ra7 Kd5 36. Rea4 Kc6 37. Ra8 Kd7 38. R4a7 Rxa8 39. Rxa8
Rc8 40. Rxc8 Kxc8 41. Kg2 e4 42. Kg3 Bd6+ 43. Kh4 Be7+ 44. Bg5 Bc5 45. Be3 Be7+
46. Bg5 Bc5 47. Be3 Be7+ 1/2-1/2

[Event "Top16"]
[Site "Evry"]
[Date "2004.04.04"]
[Round "7"]
[White "Gurevich, Mikhail"]
[Black "Georgiev, Kiryl"]
[Result "1/2-1/2"]
[WhiteElo "2656"]
[BlackElo "2637"]
[PlyCount "106"]
[EventDate "2004.04.02"]
[WhiteTeam "Gonfreville"]
[BlackTeam "Mulhouse"]

1. d4 Nf6 2. c4 e6 3. Nc3 Bb4 4. Qc2 c5 5. dxc5 O-O 6. a3 Bxc5 7. Nf3 b6 8. Bf4
Bb7 9. e4 Nc6 10. O-O-O Ng4 11. e5 f6 12. exf6 Qxf6 13. Bg5 Qf7 14. Bd3 Qh5 15.
Ne4 Nd4 16. Nxd4 Bxe4 17. Bxe4 Qxg5+ 18. Kb1 Rxf2 19. Qd3 Raf8 20. Bxh7+ Kh8
21. Qh3 Rxb2+ 22. Kxb2 Nf2 23. Qg3 Nxd1+ 24. Rxd1 Qxg3 25. hxg3 Kxh7 26. Nf3
Rf6 27. Rxd7 Rg6 28. Rxa7 Rxg3 29. Kc2 Rxg2+ 30. Kd3 Rg3 31. Ke4 Kh6 32. Ra8
Kg6 33. a4 Kf6 34. a5 Rg4+ 35. Kd3 e5 36. Nd2 Rd4+ 37. Kc3 bxa5 38. Rxa5 Rxd2
39. Rxc5 Rd8 40. Rc6+ Kf5 41. Rc7 g5 42. c5 g4 43. Rf7+ Kg6 44. Rb7 Kg5 45. Rf7
Rg8 46. Kd3 Rc8 47. Kc4 Rg8 48. Kd3 g3 49. Ke2 Kh4 50. Kf3 e4+ 51. Kg2 Kg4 52.
c6 Ra8 53. Rg7+ Kf4 1/2-1/2

[Event "Top16"]
[Site "Evry"]
[Date "2004.04.04"]
[Round "7"]
[White "Milliet, Sophie"]
[Black "Simon, Olivier"]
[Result "1/2-1/2"]
[WhiteElo "2326"]
[BlackElo "2292"]
[PlyCount "86"]
[EventDate "2004.04.02"]
[WhiteTeam "Bischwiller"]
[BlackTeam "Evry"]

1. e4 c5 2. c3 Nf6 3. e5 Nd5 4. Nf3 e6 5. d4 cxd4 6. cxd4 d6 7. Bc4 Nb6 8. Bd3
dxe5 9. Nxe5 Nc6 10. Nxc6 bxc6 11. Be3 Be7 12. Nc3 Nd5 13. O-O O-O 14. Nxd5
cxd5 15. Rc1 Bd6 16. Qh5 g6 17. Qe2 Rb8 18. Rc2 Bd7 19. Rfc1 Qb6 20. h4 f5 21.
h5 Kg7 22. Qf3 f4 23. Bd2 g5 24. h6+ Kg8 25. Qh5 Qd8 26. Bc3 Qe7 27. Ba5 Rb6
28. Bxb6 axb6 29. Ba6 f3 30. g3 Qf6 31. Bc8 Bb5 32. Qg4 Bd3 33. Rc6 Bf5 34.
Qxf3 Qxh6 35. Qh1 Bh3 36. Rxd6 g4 37. Rdc6 Rxf2 38. Qxh3 gxh3 39. Kxf2 h2 40.
Kg2 h1=Q+ 41. Rxh1 Qd2+ 42. Kh3 Qh6+ 43. Kg2 Qd2+ 1/2-1/2

[Event "Top16"]
[Site "Evry"]
[Date "2004.04.04"]
[Round "7"]
[White "Maze, Sebastien"]
[Black "Paci, Cedric"]
[Result "1-0"]
[WhiteElo "2462"]
[BlackElo "2240"]
[PlyCount "85"]
[EventDate "2004.04.02"]
[WhiteTeam "NAO"]
[BlackTeam "Nancy"]

1. e4 c5 2. Nf3 Nc6 3. Bb5 g6 4. O-O Bg7 5. c3 Nf6 6. Re1 O-O 7. h3 e5 8. Bxc6
dxc6 9. d3 Re8 10. Na3 Nd7 11. Be3 Qe7 12. Qd2 b6 13. Nh2 Nf8 14. Nc4 Be6 15.
b3 Rad8 16. Nb2 Bc8 17. a4 Ne6 18. a5 b5 19. Nf3 f5 20. Bh6 f4 21. Bxg7 Qxg7
22. Rac1 g5 23. Qe2 h5 24. Nh2 Qf7 25. Nf3 Qg7 26. Nh2 Qf7 27. Nf3 Qf6 28. Nh2
Qg6 29. Nf3 Nf8 30. d4 exd4 31. cxd4 cxd4 32. Nd3 g4 33. hxg4 hxg4 34. Nfe5 Qg5
35. Rxc6 f3 36. Qc2 Bb7 37. Rc7 Ba8 38. Nf7 Qh5 39. Nf4 Qh4 40. g3 Qf6 41. Nxd8
Rxd8 42. e5 Qh6 43. Qf5 1-0

[Event "Top16"]
[Site "Evry"]
[Date "2004.04.04"]
[Round "7"]
[White "Agrest, Evgenij"]
[Black "Doettling, Fabian"]
[Result "1/2-1/2"]
[WhiteElo "2616"]
[BlackElo "2532"]
[PlyCount "71"]
[EventDate "2004.04.02"]
[WhiteTeam "Nice"]
[BlackTeam "Strasbourg"]

1. c4 c6 2. Nf3 d5 3. d4 Nf6 4. Qb3 dxc4 5. Qxc4 Bf5 6. g3 e6 7. Bg2 Nbd7 8.
O-O Be7 9. Nc3 O-O 10. Qb3 Nb6 11. a4 a5 12. Re1 Bb4 13. Bd2 Qd6 14. Rad1 Ne4
15. Ne5 Nxd2 16. Rxd2 Qe7 17. Rc1 Rfd8 18. Rdd1 f6 19. Nf3 Bg6 20. e4 Bf7 21.
e5 f5 22. Ne1 Bh5 23. Bf3 Bxf3 24. Nxf3 Rd7 25. Nh4 Qf7 26. Ng2 g5 27. Na2 Nd5
28. Ne3 Bf8 29. Nc3 Nb4 30. Nc4 Ra6 31. Rd2 Qg6 32. Qd1 h5 33. Qe2 g4 34. Re1
h4 35. f4 Rh7 36. Ne3 1/2-1/2

[Event "Top16 Evry"]
[Site "?"]
[Date "2004.04.03"]
[Round "6"]
[White "Philippe, Christophe"]
[Black "Beikert, Guenther"]
[Result "0-1"]
[WhiteElo "2358"]
[BlackElo "2449"]
[PlyCount "50"]
[WhiteTeam "Nancy"]
[BlackTeam "Gonfreville"]

1. e4 c5 2. Nf3 d6 3. d4 cxd4 4. Nxd4 Nf6 5. Nc3 g6 6. f4 a6 7. Bd3 Bg7 8. Nf3
Qb6 9. Qe2 O-O 10. Rb1 Nbd7 11. Be3 Qc7 12. O-O b5 13. a3 Bb7 14. Kh1 e5 15.
fxe5 dxe5 16. Qe1 Nc5 17. Qh4 Nh5 18. Ne1 Nf4 19. Bxf4 exf4 20. Nd5 Bxd5 21.
exd5 Rad8 22. Rd1 Na4 23. Nf3 Nxb2 24. Rd2 Rxd5 25. Bxg6 fxg6 0-1

[Event "Top16 Evry"]
[Site "?"]
[Date "2004.04.04"]
[Round "7"]
[White "Chuchelov, Vladimir"]
[Black "Rausis, Igors"]
[Result "1/2-1/2"]
[WhiteElo "2593"]
[BlackElo "2479"]
[PlyCount "61"]
[EventDate "2004.??.??"]
[WhiteTeam "Muhlouse"]
[BlackTeam "Gonfreville"]

1. Nf3 d5 2. d4 Nf6 3. c4 e6 4. Nc3 Be7 5. Bg5 O-O 6. e3 Nbd7 7. Qc2 c5 8. Rd1
cxd4 9. exd4 h6 10. Bc1 dxc4 11. Bxc4 Nb6 12. Bb3 Bd7 13. Ne5 Nbd5 14. O-O Rc8
15. Qd3 Nxc3 16. bxc3 Qa5 17. Nxd7 Nxd7 18. c4 Rfd8 19. Qg3 Qh5 20. Bf4 Nb6 21.
Be5 Qg5 22. Qf3 Nxc4 23. Bxc4 Rxc4 24. Qxb7 Bf6 25. Qxa7 Bxe5 26. dxe5 Rxd1 27.
Rxd1 Qxe5 28. g3 Qe4 29. Qb8+ Kh7 30. Qb1 Qxb1 31. Rxb1 1/2-1/2

[Event "Top16 Evry"]
[Site "?"]
[Date "2004.04.04"]
[Round "7"]
[White "Payen, Arnaud"]
[Black "Pelletier, Yannick"]
[Result "0-1"]
[WhiteElo "2386"]
[BlackElo "2587"]
[PlyCount "56"]
[WhiteTeam "Gonfreville"]
[BlackTeam "Muhlouse"]

1. d4 Nf6 2. c4 e6 3. g3 c5 4. d5 exd5 5. cxd5 b5 6. Bg2 d6 7. Nf3 g6 8. O-O
Bg7 9. e4 O-O 10. e5 dxe5 11. Nxe5 Bb7 12. Nc6 Qb6 13. Ne7+ Kh8 14. Re1 Na6 15.
a4 Rfe8 16. axb5 Qxb5 17. Nc3 Qd7 18. Nc6 Rxe1+ 19. Qxe1 Nb4 20. Rxa7 Rxa7 21.
Nxa7 Nd3 22. Qd1 c4 23. Be3 Nxd5 24. Qf3 Ne1 25. Qd1 Nxg2 26. Bd4 Qe6 27. Bxg7+
Kxg7 28. Qd4+ Nf6 0-1

[Event "Top16 Evry"]
[Site "?"]
[Date "2004.04.04"]
[Round "7"]
[White "Bacrot, Etienne"]
[Black "Nazar, Mustapha"]
[Result "1-0"]
[WhiteElo "2664"]
[BlackElo "2396"]
[PlyCount "63"]
[WhiteTeam "NAO"]
[BlackTeam "Nancy"]

1. d4 Nf6 2. c4 c5 3. d5 e6 4. Nf3 exd5 5. cxd5 d6 6. Nc3 g6 7. e4 Bg7 8. h3 a6
9. a4 O-O 10. Bd3 Re8 11. O-O Nbd7 12. Bf4 Qc7 13. Re1 Nh5 14. Bh2 Rb8 15. Be2
Nhf6 16. Nd2 Bf8 17. Kh1 Nb6 18. f4 Nfd7 19. Bf1 Bg7 20. Nf3 f6 21. Qd2 Qd8 22.
Rad1 Na8 23. e5 fxe5 24. Ne4 exf4 25. Nxd6 Rxe1 26. Rxe1 Nf6 27. Bxf4 Bd7 28.
Ng5 Nb6 29. a5 Nbxd5 30. Bc4 Be6 31. Re5 Qxd6 32. Rxd5 1-0

[Event "Top16 Evry"]
[Site "?"]
[Date "2004.04.04"]
[Round "7"]
[White "Roos, Jean-Luc"]
[Black "Claverie, Christophe"]
[Result "1-0"]
[WhiteElo "2330"]
[BlackElo "2310"]
[PlyCount "47"]
[WhiteTeam "Strasbourg"]
[BlackTeam "Nice"]

1. e4 e6 2. d4 d5 3. Nd2 c5 4. exd5 Qxd5 5. Ngf3 cxd4 6. Bc4 Qd8 7. O-O Nc6 8.
Nb3 a6 9. Nbxd4 Nxd4 10. Nxd4 Qc7 11. Qe2 Be7 12. Re1 Nf6 13. Bg5 O-O 14. Rad1
b5 15. Bb3 Bb7 16. Nxe6 Qc6 17. Qf1 Rfe8 18. Nd4 Qc5 19. Bf4 Nd5 20. Bg3 Bf6
21. Rxe8+ Rxe8 22. Nf5 Nf4 23. Bxf7+ Kxf7 24. Nd6+ 1-0

[Event "Top16 Evry"]
[Site "?"]
[Date "2004.04.04"]
[Round "7"]
[White "Pinter, Joszef"]
[Black "Jussupow, Arthur"]
[Result "1/2-1/2"]
[WhiteElo "2501"]
[BlackElo "2589"]
[PlyCount "70"]
[WhiteTeam "Bischwiller"]
[BlackTeam "Evry"]

1. d4 Nf6 2. c4 e6 3. Nf3 d5 4. Nc3 Be7 5. Bg5 h6 6. Bh4 O-O 7. e3 b6 8. Bd3
Bb7 9. Bxf6 Bxf6 10. cxd5 exd5 11. Rc1 Re8 12. O-O c5 13. Bb5 Re7 14. dxc5 bxc5
15. Na4 Na6 16. Nxc5 Nxc5 17. Rxc5 Bxb2 18. Qc2 Ba3 19. Rc3 Bb4 20. Rb3 Rc8 21.
Qb2 Bc5 22. Bd3 Bb6 23. Nd4 g6 24. g3 Bc6 25. Rc1 Ba4 26. Rxc8 Qxc8 27. Rc3 Rc7
28. Rxc7 Qxc7 29. h4 Qe5 30. Qc3 Bd7 31. Qb4 Qf6 32. Bf1 Bf5 33. Bg2 Be4 34.
Qd2 Bxg2 35. Kxg2 Bxd4 1/2-1/2

[Event "Top16 Evry"]
[Site "?"]
[Date "2004.04.04"]
[Round "7"]
[White "Brochet, Philippe"]
[Black "Wagner, Claude"]
[Result "1/2-1/2"]
[WhiteElo "2385"]
[BlackElo "2357"]
[PlyCount "70"]
[WhiteTeam "Evry"]
[BlackTeam "Bischwiller"]

1. e4 c5 2. c3 Nf6 3. e5 Nd5 4. d4 cxd4 5. Nf3 Nc6 6. cxd4 d6 7. Bc4 Nb6 8. Bb3
dxe5 9. d5 Na5 10. Nc3 Nxb3 11. Qxb3 e6 12. dxe6 Bxe6 13. Qb5+ Qd7 14. Qxe5 Nc4
15. Qe2 Bb4 16. O-O Bxc3 17. bxc3 O-O 18. Rd1 Qc7 19. Rd4 Rac8 20. Bf4 Qc6 21.
Rad1 Rfe8 22. Ng5 Bf5 23. Qh5 Bg6 24. Qf3 Nb2 25. Qxc6 Rxc6 26. Rd8 Rc8 27.
Rxc8 Rxc8 28. Rd7 h6 29. Nf3 Rxc3 30. Rxb7 Nd3 31. Be3 a5 32. Rb3 Rxb3 33. axb3
Be4 34. Nd2 Bd5 35. Bb6 Nc1 1/2-1/2

[Event "Top16 Evry"]
[Site "?"]
[Date "2004.04.04"]
[Round "7"]
[White "Adams, Michael"]
[Black "Philippe, Christophe"]
[Result "1-0"]
[WhiteElo "2720"]
[BlackElo "2358"]
[PlyCount "47"]
[WhiteTeam "NAO"]
[BlackTeam "Nancy"]

1. e4 c5 2. Nf3 Nc6 3. Bb5 g6 4. Bxc6 dxc6 5. d3 Bg7 6. h3 Nf6 7. Nc3 Nd7 8.
Be3 e5 9. Qd2 h6 10. O-O Qe7 11. a3 Nf8 12. b4 Ne6 13. bxc5 Nxc5 14. Ne2 Ne6
15. Rab1 f5 16. exf5 gxf5 17. Qb4 Qf6 18. Rfe1 Kf7 19. Ng3 a5 20. Qc4 e4 21.
dxe4 b5 22. Qxc6 Ra6 23. Qxb5 f4 24. Nh5 1-0

[Event "Top16 Evry"]
[Site "?"]
[Date "2004.04.04"]
[Round "7"]
[White "Sharif, Mershad"]
[Black "Aguettaz, Maxime"]
[Result "1/2-1/2"]
[WhiteElo "2462"]
[BlackElo "2344"]
[PlyCount "29"]
[WhiteTeam "Nice"]
[BlackTeam "Strasbourg"]

1. Nf3 Nf6 2. g3 b5 3. Bg2 Bb7 4. O-O e6 5. b3 Be7 6. c4 a6 7. Bb2 d6 8. d4
Nbd7 9. Nc3 Rb8 10. d5 exd5 11. Nxd5 bxc4 12. Nxe7 Qxe7 13. Rc1 cxb3 14. Rxc7
bxa2 15. Qa4 1/2-1/2

[Event "Top16 Evry"]
[Site "?"]
[Date "2004.04.04"]
[Round "7"]
[White "Bologan, Viktor"]
[Black "Sutovsky, Emil"]
[Result "1-0"]
[WhiteElo "2679"]
[BlackElo "2666"]
[PlyCount "51"]
[WhiteTeam "Gonfreville"]
[BlackTeam "Muhlouse"]

1. d4 Nf6 2. c4 g6 3. g3 Bg7 4. Bg2 d5 5. cxd5 Nxd5 6. Nf3 Nb6 7. Nc3 Nc6 8. e3
O-O 9. O-O Re8 10. d5 Na5 11. Nd4 Bd7 12. e4 c5 13. Nf3 e6 14. Bg5 Qc8 15. Qc1
exd5 16. exd5 Bh3 17. b3 Bxg2 18. Kxg2 c4 19. Bh6 Bf6 20. b4 Nb3 21. axb3 cxb3
22. Nd1 Qf5 23. Rb1 Qxd5 24. Qf4 Qe6 25. Rxb3 Nd5 26. Qd2 1-0

[Event "Top16 Evry"]
[Site "?"]
[Date "2004.04.04"]
[Round "7"]
[White "Sokolov, Andrei"]
[Black "Gustafsson, Jan"]
[Result "1/2-1/2"]
[WhiteElo "2585"]
[BlackElo "2572"]
[PlyCount "43"]
[WhiteTeam "Muhlouse"]
[BlackTeam "Gonfreville"]

1. e4 e5 2. Nf3 Nc6 3. Bb5 a6 4. Ba4 Nf6 5. O-O Be7 6. Re1 b5 7. Bb3 d6 8. c3
O-O 9. h3 Na5 10. Bc2 c5 11. d4 Nd7 12. Nbd2 exd4 13. cxd4 Nc6 14. Nf1 cxd4 15.
Nxd4 Nxd4 16. Qxd4 Ne5 17. Qd1 Bf6 18. a4 Bb7 19. axb5 axb5 20. Rxa8 Bxa8 21.
Ne3 Nc4 22. Qe2 1/2-1/2

[Event "Top16 Evry"]
[Site "?"]
[Date "2004.04.04"]
[Round "7"]
[White "Schenk, Andreas"]
[Black "Moskalenko, Viktor"]
[Result "1/2-1/2"]
[WhiteElo "2499"]
[BlackElo "2552"]
[PlyCount "33"]
[WhiteTeam "Bischwiller"]
[BlackTeam "Evry"]

1. d4 e6 2. c4 f5 3. Nc3 Nf6 4. Qc2 d5 5. Nf3 c6 6. Bf4 Bd6 7. Bxd6 Qxd6 8. e3
O-O 9. Bd3 Ne4 10. O-O Nd7 11. Rab1 b6 12. b4 Bb7 13. Rfd1 Rac8 14. Qb3 h6 15.
Rbc1 Qe7 16. cxd5 cxd5 17. Ne2 1/2-1/2

[Event "Top16 Evry"]
[Site "?"]
[Date "2004.04.04"]
[Round "7"]
[White "Roumegous, Marina"]
[Black "Heinz, Thimothee"]
[Result "1/2-1/2"]
[WhiteElo "2195"]
[BlackElo "2129"]
[PlyCount "32"]
[WhiteTeam "Evry"]
[BlackTeam "Bischwiller"]

1. d4 Nf6 2. Bg5 d5 3. Bxf6 exf6 4. e3 Bd6 5. c4 dxc4 6. Bxc4 f5 7. Ne2 Nd7 8.
Nbc3 Nf6 9. Qc2 O-O 10. a3 Re8 11. Bd3 g6 12. Nb5 Be6 13. Nxd6 Qxd6 14. Rc1 c6
15. Qc5 Qd7 16. O-O Bd5 1/2-1/2

[Event "Top16 Evry"]
[Site "?"]
[Date "2004.04.04"]
[Round "7"]
[White "Varga, Peter"]
[Black "Vaisser, Anatoly"]
[Result "1/2-1/2"]
[WhiteElo "2468"]
[BlackElo "2573"]
[PlyCount "38"]
[WhiteTeam "Strasbourg"]
[BlackTeam "Nice"]

1. d4 d5 2. c4 c6 3. Nc3 Nf6 4. cxd5 cxd5 5. Nf3 Nc6 6. Bf4 Bf5 7. e3 e6 8. Bd3
Bxd3 9. Qxd3 Be7 10. O-O O-O 11. Rac1 a6 12. Ne5 Nxe5 13. Bxe5 Nd7 14. Bg3 Rc8
15. Rc2 Nb6 16. Nb1 Qd7 17. Rfc1 Rxc2 18. Rxc2 Rc8 19. Rxc8+ Qxc8 1/2-1/2

[Event "Top16 Evry"]
[Site "?"]
[Date "2004.04.04"]
[Round "7"]
[White "Nikolaidis, Ioannis"]
[Black "Mann, Christian"]
[Result "1/2-1/2"]
[WhiteElo "2506"]
[BlackElo "2444"]
[PlyCount "25"]
[WhiteTeam "Nice"]
[BlackTeam "Strasbourg"]

1. d4 d5 2. c4 Nc6 3. cxd5 Qxd5 4. e3 e5 5. Nc3 Bb4 6. a3 Bxc3+ 7. bxc3 Nf6 8.
Ne2 O-O 9. c4 Qd6 10. d5 Ne7 11. Nc3 c6 12. e4 b5 13. dxc6 1/2-1/2